Dinamarca (Registro nro. 303568)

Detalles MARC
000 -ENCABEZADO
Número de control [NR] 02075nam a2200277 4500
005 - FECHA Y HORA DE LA ÚLTIMA TRANSACCIÓN
control field 20160603095541.0
008 - DE LONGITUD FIJA DE DATOS DE ELEMENTOS - INFORMACIÓN GENERAL
Elementos de longitud fija [NR] 160603s1929 dk a||||r|||| 00| 0 esp d
040 ## - FUENTE DE CATALOGACION [NR]
Agencia de catalogación original [NR] CO-BoUCM
Idioma de catalogación [NR] spa
Quien Cataloga Sandra Yazo
Quien Clasifica Sandra Yazo
041 1# - CODIGO DE IDIOMA [R]
Código de idioma para texto/pista de sonido o título separado [R] Español
082 04 - NUMERO DE CLASIFICACION DECIMAL DEWEY [R]
Número de la edición [NR] 20
Número de clasificación [R] 948.9
092 ## - SIGNATURA TOPOGRAFICA LOCAL
Número de clasificación local E40N044
110 1# - ASIENTO PRINCIPAL--NOMBRE CORPORATIVO [NR]
Nombre corporativo o de jurisdicción como elemento de entrada [NR] Dinamarca
Unidad subordinada [R] Ministerio de relaciones exteriores
ID de autoridad 77546
245 10 - MENCION DE TITULO [NR]
Título [NR] Dinamarca
Mención de responsabilidad, etc. [NR] publicado por el Ministerio de Relaciones Exteriores y el Ministerio de Comercio de Dinamarca en colaboración con el Departamento Estadístico del estado ; Traducción al español por Carlos Bratli
260 ## - PUBLICACION, DISTRIBUCION, ETC. (PIE DE IMPRENTA) [R]
Lugar de publicación, distribución, etc. [R] Copehnague (Dimanarca)
Nombre del editor, distribuidor, etc. [R] Imprenta de Bianco Luno
Fecha de publicación, distribución, etc. [R] 1906
300 ## - DESCRIPCION FISICA [R]
Extensión [R] xxviii, 384 páginas
Dimensiones [R] 19 x 13 cm.
500 ## - NOTA GENERAL [R]
Nota general [NR] Detalles físicos: Encuadernación rígida en cartón forrado en cartón. Tapas y lomo con recuadro repujado y adornos en tinta blanca. Guardas. Hoja de cortesía. Anteportada. Portada impresa en una sola tinta. Notas al final del texto. Ilustraciones entre el texto, algunas a color. Texto impreso en una sola columna. Al final algunas hojas con bordes deterioradas
505 0# - NOTA DE CONTENIDO CON FORMATO PREESTABLECIDO [R]
Nota de contenido con formato preestablecido [NR] Familia Real de Dinamarca ; Relaciones culturales entre Dinamarca y España ; Relaciones comerciales entre Dinamarca y España ; Dinamarca y América española ; El país y el pueblo ; Constitución ; Administración ; Enseñanza pública ; Hacienda pública ; Agricultura ; Pesca ; Pesca ; Oficios e industrias ; Comercio ; Establecimientos bancarios ; Navegación ; Comunicaciones ; Condiciones ; Condiciones sociales ; Museos e instituciones científicas ; Los puertos de provincia de Dinamarca ; Exportaciones ; Industria artística ; El bacalao de Feroé ; Groenlancia, colonia danesa.
506 ## - NOTA DE RESTRICCIONES DE ACCESO [R]
Condiciones de acceso [NR] Consulta en sala
651 #4 - ASIENTO SECUNDARIO DE MATERIA - NOMBRE GEOGRAFICO [R]
Nombre geográfico [NR] Dinamarca
Subdivisión general [R] Geografía
9 (RLIN) 77547
651 #4 - ASIENTO SECUNDARIO DE MATERIA - NOMBRE GEOGRAFICO [R]
Nombre geográfico [NR] Dinamarca
Subdivisión general [R] Estadísticas
9 (RLIN) 77548
690 ## - ASUNTO AGREGADO LOCAL DE ENTRADA - TÉRMINO TEMÁTICO (OCLC, RLIN)
Acceso temático local Geografía de Europa
9 (RLIN) 26501
700 1# - ASIENTO SECUNDARIO - NOMBRE PERSONAL [R]
Nombre personal [NR] Bratli, Carlos
Término de relación [R] traductor
9 (RLIN) 77549
710 1# - ASIENTO SECUNDARIO - NOMBRE CORPORATIVO [R]
Nombre corporativo o de jurisdicción como elemento de entrada [NR] Dinamarca
Unidad subordinada [R] Ministerio de comercio de Dinamarca
9 (RLIN) 77550
710 1# - ASIENTO SECUNDARIO - NOMBRE CORPORATIVO [R]
Nombre corporativo o de jurisdicción como elemento de entrada [NR] Dinamarca
Unidad subordinada [R] Departamento estádistico
9 (RLIN) 77551
942 ## - ELEMENTOS DE ENTRADA AGREGADOS (KOHA)
Sistema de clasificación LOCAL
Tipo de ítem principal el descrito en 300a Libro
Edición 1
Clasificación E40N044
Existencias
Suprimido Perdido Sistema de clasificación Dañado No prestable Tipo de ítem específico Ubicación habitual Ubicación actual Localización Fecha de creación Forma de adquisición Costo Total préstamos Signatura topográfica Código de barras Última vez visto Ejemplar Price effective from Tipo de ítem
    LOCAL     Libro archivo Archivo Histórico Archivo Histórico Archivo histórico 03/06/2016 Donación 0.00   E40N044 L005700 03/06/2016 Ej.1 03/06/2016 Libro